000 00577cam a22002171 4500
001 he 66000514
003 DLC
005 20260227111437.0
008 840613s1965 nyu 000 0 heb
010 _ahe 66000514
035 _a(OCoLC)19142871
040 _aDLC
_cMH
_dDLC
042 _apremarc
050 0 0 _aPJ4571
_b.K67
100 1 _aKodesh, Shlomo.
245 1 0 _aLeshon ʻamenu.
260 _a[New York] :
_bKtav Publishing House,
_c[1965]
300 _a2 v. :
_bill. ;
_c23 cm.
650 0 _aHebrew language
_xReaders.
752 _aUnited States
_bNew York
_dNew York
999 _c31605
_d31605